[Event "Karl Mala Memorial op 11th"]
[Site "Frankfurt"]
[Date "2008.06.29"]
[Round "6"]
[White "Pasdziernik, Markus"]
[Black "Voss, Mathieu"]
[Result "1-0"]
[WhiteElo "1940"]
[BlackElo "1465"]
[PlyCount "115"]
[EventDate "2008.06.26"]
[EventType "swiss"]
[EventRounds "7"]
[EventCountry "GER"]
[SourceTitle "CBM 125 Extra"]
[Source "ChessBase"]
[SourceDate "2008.09.01"]
[SourceVersion "1"]
[SourceVersionDate "2008.09.01"]
[SourceQuality "1"]

1. e4 e6 2. d4 d5 3. e5 c5 4. c3 Nc6 5. Nf3 Qb6 6. a3 cxd4 7. cxd4 Nge7 8. b4 a6 9. Be3 Ng6 10. Nbd2 Bd7 11. Bd3 Be7 12. 0-0 0-0 13. Nb3 Na7 14. Rc1 Rac8 15. Bb1 Rxc1 16. Qxc1 Rc8 17. Qb2 Bb5 18. Rc1 Rxc1+ 19. Qxc1 Nc6 20. Qc3 Bc4 21. Bc2 Na7 22. Na5 Bb5 23. Bg5 Bf8 24. h4 h6 25. Be3 Be7 26. h5 Nf8 27. g4 Nc6 28. Nb3 Bc4 29. Kg2 Na7 30. Na5 Bb5 31. g5 hxg5 32. Bxg5 Bxg5 33. Nxg5 Nc6 34. Nb3 Ba4 35. Nf3 Kh8 36. Qe3 Qd8 37. h6 g6 38. Ng5 Qe7 39. Qf4 Nd8 40. Qh4 Nh7 41. Nxf7+ Qxf7 42. Qxd8+ Qf8 43. Qh4 Qf7 44. Qg4 b6 45. Na1 Be8 46. Bd3 b5 47. Nb3 Nf8 48. Nc5 Qh7 49. Qg5 Qa7 50. Qf6+ Kg8 51. Nxe6 Nxe6 52. Qxe6+ Bf7 53. Qf6 Be8 54. Bxg6 Bxg6 55. Qxg6+ Kf8 56. h7 Qg7 57. Qxg7+ Kxg7 58. Kg3 1-0